| 000 | 00467nam a2200181Ia 4500 | ||
|---|---|---|---|
| 008 | 131103s9999 xx 000 0 und d | ||
| 040 | _aLoreto College | ||
| 041 | _aEnglish | ||
| 082 |
_aF/MUK _bLCBED/8539 |
||
| 100 | _aMukherjee, Bharati | ||
| 245 |
_aJasmine _cBharati Mukherjee |
||
| 260 |
_aNew delhi _bPenguin books _c1990 |
||
| 300 |
_a241p. _c 22cm. |
||
| 650 | _aEnglish fiction | ||
| 651 | _aEnglish literature | ||
| 850 | _aLCBED/F/MUK | ||
| 942 | _cBK | ||
| 999 |
_c33283 _d83762 |
||